Los disfraces (Record no. 160992)

MARC details
000 -LEADER
campo de control de longitud fija 00888nam a22001935i 4500
001 - NÚMERO DE CONTROL
campo de control 160992
003 - IDENTIFICADOR DE NÚMERO DE CONTROL
campo de control ES-MaACL
005 - FECHA Y HORA DE LA ÚLTIMA TRANSACCIÓN
campo de control 20230906212154.0
008 - DATOS DE LONGITUD FIJA--INFORMACIÓN GENERAL
campo de control de longitud fija 041007s1851 sp |||| | spa d
040 ## - FUENTE DE CATALOGACIÓN
Centro catalogador/agencia de origen CAM
Lengua de catalogación spa
Centro/agencia transcriptor CAM
100 1# - ENTRADA PRINCIPAL--NOMBRE DE PERSONA
Nombre de persona Olona, José de.
9 (RLIN) 130644
245 14 - MENCIÓN DEL TÍTULO
Título Los disfraces
Resto del título : zarzuela original en un acto /
Mención de responsabilidad, etc. de José de Olona ; musica del maestro Jose Inzenga.
260 ## - PUBLICACIÓN, DISTRIBUCIÓN, ETC.
Lugar de publicación, distribución, etc. Madrid :
Nombre del editor, distribuidor, etc. [s.n.],
Fecha de publicación, distribución, etc. 1851 (
Fabricante Imprenta que fué de Operarios, à cargo de D. F. R. del Castillo)
300 ## - DESCRIPCIÓN FÍSICA
Extensión 34, [2] p. ;
Dimensiones 19 cm.
500 ## - NOTA GENERAL
Nota general En port.: Representada en el Teatro del Circo el día 16 de mayo de 1851.
500 ## - NOTA GENERAL
Nota general Solo la letra.
700 1# - ENTRADA AGREGADA--NOMBRE PERSONAL
Nombre de persona Inzenga, José (
Fechas asociadas al nombre 1828-1891)
9 (RLIN) 128190
852 ## - LOCALIZACIÓN
Ubicación ES-MaACL
Número de control de estantería F-8615(9)
Nota libre -- Enc. pasta española
condición física -- Falto de la cub. original
Nota libre -- Enc. en un vol. facticio formando parte de la col. facticia "Teatro español moderno", vol. 70
Holdings
Estatus retirado Estado de pérdida Estado de daño No para préstamo Colección Biblioteca de origen Biblioteca actual Ubicación en estantería Fecha de adquisición Total de préstamos Signatura topográfica completa Código de barras Visto por última vez Precio de reemplazo Tipo de ítem Koha
        Libros del s. XIX Biblioteca del Ateneo de Madrid Biblioteca del Ateneo de Madrid Sala Pecera Planta 2 17/01/2008   F-8615(9) 1168604 23/02/2023 23/02/2023 Libro impreso antiguo